00318nam a2200109Ia 4500008004100000082001500041100001400056245003300070260003900103630001800142650004800160211109s9999||||xx |||||||||||||| ||und|| a571bBAY-P aBayliss,  0aPrinciples of Gm- Physiology bNATIONAL BOOKSTALLaKottayamc1900 xGeneral Stack aAnimal PhysiologyvBiology: BotanyxBiology